The last Mughal : (Record no. 4815)

MARC details
000 -LEADER
fixed length control field 00556 a2200169 4500
010 ## - LCCN (DPL NO)
LC control number ENG-86568
020 ## - INTERNATIONAL STANDARD BOOK NUMBER
International Standard Book Number 0670999253
Terms of availability 695.00
035 ## - SYSTEM CONTROL NUMBER
System control number EN-70101
037 ## - SOURCE OF ACQUISITION
Source of stock number/acquisition DBAD / PUB
082 ## - DEWEY DECIMAL CLASSIFICATION NUMBER
Classification number 954.083
100 ## - MAIN ENTRY--PERSONAL NAME
Personal name Dalrymple, William
245 ## - TITLE STATEMENT
Title The last Mughal :
Remainder of title the fall of a dynasty, Delhi, 1857 /
Statement of responsibility, etc by William Dalrymple
260 ## - PUBLICATION, DISTRIBUTION, ETC. (IMPRINT)
Place of publication, distribution, etc New Delhi
Name of publisher, distributor, etc Penguin Books India
Date of publication, distribution, etc 2006
270 ## - ADDRESS
Address 11, Community Centre, Panchsheel Park
City New Delhi
Postal code 110 017
300 ## - PHYSICAL DESCRIPTION
Extent xxvii, 579p
Other physical details ill.
Dimensions 24 cm (Hb)
942 ## - ADDED ENTRY ELEMENTS (KOHA)
Institution code [OBSOLETE] dpl
Item type English Books
Source of classification or shelving scheme Dewey Decimal Classification
Classification part 954.083
Call number suffix DAL
Holdings
Withdrawn status Lost status Not for loan Collection code Home library Current library Source of acquisition Cost, normal purchase price Full call number Barcode Copy number Cost, replacement price Koha item type
    Not For Loan Non-fiction D.B.Act.Division D.B.Act.Division DBAD/PUB 695.00 954.083 DAL EN-70101 1 695.00 English Books

© Delhi Public Library
Hit Counter
free hit counter